| 000 | 00458nam a2200169Ia 4500 | ||
|---|---|---|---|
| 008 | 210707s1982 xx 000 0 und d | ||
| 041 | _aeng | ||
| 082 | _a954 GOKB | ||
| 100 | _aGOKHALE (Balakrishna Govind) | ||
| 245 | _aBharatavarsha a political and cultural history of India. Ed 1. | ||
| 250 | _a1 | ||
| 260 |
_aNew Delhi. _bSterling Publishers Pvt Ltd., _c1982 |
||
| 300 | _a360 p | ||
| 365 |
_b110 _cINR |
||
| 563 | _aHB | ||
| 650 | _aIndian History | ||
| 999 |
_c180055 _d180055 |
||